Normal view
MARC view
Entry Topical Term
001 - CONTROL NUMBER
- control field: 793266
003 - CONTROL NUMBER IDENTIFIER
- control field:
005 - DATE AND TIME OF LATEST TRANSACTION
- control field: 20210627055017.0
008 - FIXED-LENGTH DATA ELEMENTS
- fixed length control field: 210627|| aca||aabn | a|a d
040 ## - CATALOGING SOURCE
- Original cataloging agency:
- Transcribing agency:
150 ## - HEADING--TOPICAL TERM
- Topical term or geographic name entry element: Finance
- Geographic subdivision: Great Britain
- General subdivision: History
670 ## - SOURCE DATA FOUND
- Source citation: Work cat.: ()665189: Poole, Reginald L. (Reginald Lane), 1857-1939 778707, The Exchequer in the twelfth century :, 1912
